The Captain's Verses Love Poems / (Record no. 126879)
[ view plain ]
| 000 -LEADER | |
|---|---|
| campo de control de longitud fija | 01448 a2200265 4500 |
| 003 - IDENTIFICADOR DE NÚMERO DE CONTROL | |
| campo de control | BJBSDDR |
| 005 - FECHA Y HORA DE LA ÚLTIMA TRANSACCIÓN | |
| campo de control | 20260421155552.0 |
| 007 - CAMPO FIJO DE DESCRIPCIÓN FÍSICA--INFORMACIÓN GENERAL | |
| campo de control de longitud fija | ta |
| 008 - DATOS DE LONGITUD FIJA--INFORMACIÓN GENERAL | |
| campo de control de longitud fija | 260421s2013 nyu 00| 0 spa d |
| 020 ## - NÚMERO INTERNACIONAL ESTÁNDAR DEL LIBRO | |
| Número Internacional Estándar del Libro | 9780811218214 |
| 020 ## - NÚMERO INTERNACIONAL ESTÁNDAR DEL LIBRO | |
| Número Internacional Estándar del Libro | 0811221474 |
| 040 ## - FUENTE DE CATALOGACIÓN | |
| Lengua de catalogación | eng |
| Centro/agencia transcriptor | BJBSDDR |
| 041 ## - CÓDIGO DE IDIOMA | |
| Código de lengua del texto/banda sonora o título independiente | eng |
| 050 ## - SIGNATURA TOPOGRÁFICA DE LA BIBLIOTECA DEL CONGRESO | |
| Número de ítem | N454c 2013 |
| 100 1# - ENTRADA PRINCIPAL--NOMBRE DE PERSONA | |
| Nombre de persona | Neruda, Pablo, |
| Fechas asociadas al nombre | 1904-1973 |
| 9 (RLIN) | 148 |
| 240 10 - TÍTULO UNIFORME | |
| Título uniforme | Versos del capitán. |
| Lenguaje de la obra | English |
| 245 14 - MENCIÓN DEL TÍTULO | |
| Título | The Captain's Verses Love Poems / |
| Mención de responsabilidad, etc. | Pablo Neruda ; translation by Donald Devenish. |
| 260 ## - PUBLICACIÓN, DISTRIBUCIÓN, ETC. | |
| Lugar de publicación, distribución, etc. | New York : |
| Nombre del editor, distribuidor, etc. | New Directions, |
| Fecha de publicación, distribución, etc. | 2013. |
| 300 ## - DESCRIPCIÓN FÍSICA | |
| Extensión | 512 pages ; |
| Dimensiones | 20 cm |
| 500 ## - NOTA GENERAL | |
| Nota general | "Often referred to as the final volume of Amis's 'London Trilogy'." |
| 520 ## - RESUMEN, ETC. | |
| Sumario, etc. | This darkly satirical novel explores the professional and personal rivalry between two middle-aged writers in 1990s London: Richard Tull, a failed experimental novelist, and Gwyn Barry, his incredibly successful but talentless friend. Consumed by a lethal jealousy, Richard meticulously plots to sabotage Gwyn’s fame and wealth, leading to a series of comedic and tragic failures. Through this bitter competition, Martin Amis delivers a profound meditation on the "information" that comes with age—the realization of one's own mediocrity, the decline of the physical body, and the inevitable approach of death in a vast and indifferent universe. |
| 700 1# - ENTRADA AGREGADA--NOMBRE PERSONAL | |
| Nombre de persona | Devenish, Donald, |
| Fechas asociadas al nombre | 1903-1980 |
| 9 (RLIN) | 48050 |
| Término indicativo de función/relación | translator. |
| 942 ## - ELEMENTOS DE ENTRADA SECUNDARIOS (KOHA) | |
| Fuente del sistema de clasificación o colocación | Clasificación de Library of Congress |
| Tipo de ítem Koha | Libro |
| Suprimir en OPAC | No |
| 946 ## - PROCESAMIENTO DE INFORMACIÓN LOCAL (OCLC) | |
| Iniciales del agente catalogador | rmza |
| Estatus retirado | Estado de pérdida | Fuente del sistema de clasificación o colocación | Estado de daño | No para préstamo | Colección | Biblioteca de origen | Biblioteca actual | Ubicación en estantería | Fecha de adquisición | Signatura topográfica completa | Código de barras | Visto por última vez | Copia número | Tipo de ítem Koha |
|---|---|---|---|---|---|---|---|---|---|---|---|---|---|---|
| Clasificación de Library of Congress | Automatización y Procesos Técnicos | Biblioteca Juan Bosch | Biblioteca Juan Bosch | Automatización y Procesos Técnicos (1er. Piso) | 21/04/2026 | N454c 2013 | 00000183844 | 21/04/2026 | 1 | Libro |
